GPU computing - Markovove modely diplomová práca

Uložené v:
Podrobná bibliografia
Hlavný autor: Šúst, Jozef
Korporativný autor: Fakulta hospodárskej informatiky EU. Katedra aplikovanej informatiky
Ďalší autori: Kršjak, Miroslav
Médium: Kniha
Jazyk:Slovak
Vydavateľské údaje: Bratislava 2012
Tagy: Pridať tag
Žiadne tagy, Buďte prvý, kto otaguje tento záznam!

MARC

LEADER 00000nbm a2200000 4500
001 0155019
005 20161109102200.8
041 0 |a slo 
044 |a SK 
245 1 0 |a GPU computing - Markovove modely  |b diplomová práca  |c Jozef Šúst ; školiteľ: Miroslav Kršjak 
264 1 |a Bratislava  |c 2012 
300 |a 62 s. 
100 1 |a Šúst, Jozef 
700 1 |a Kršjak, Miroslav 
710 2 |a Fakulta hospodárskej informatiky EU. Katedra aplikovanej informatiky